00557nam a2200169 a 450000100100000000500170001000800410002702000180006804000250008608200170011110000360012824500830016426000370024730000280028450000470031250400280035900004697420201002053245.0180406s2016 dr a 000 0 spa d a9789945123784 aDO-SdBNPbspacBNPHU axxxxbR696ed1 aRodríguez Rosario, Islen Elba10aEducación artística 5 :bnivel primario /cIslen Elba Rodríguez Rosario. aSanto Domingo :bSusaeta,c2016. a128 p. :bil. ;c22 cm. aEnfoque por competencias nuevo currículo aBibliografía : p. 128